[Event "FIN-ch Seniors 65"]
[Site "Helsinki"]
[Date "2024.03.31"]
[Round "3"]
[White "Patola, Eero"]
[Black "Kangas, Mauno"]
[Result "1-0"]
[WhiteElo "1858"]
[BlackElo "1867"]
[PlyCount "67"]
[EventDate "2024.03.29"]
[EventType "swiss"]
[EventRounds "9"]
[EventCountry "FIN"]
[SourceTitle "CB15_2024"]
[SourceDate "2024.04.10"]
[SourceVersion "1"]
[SourceVersionDate "2024.04.10"]
[SourceQuality "1"]

1. e4 d6 2. c4 Nf6 3. Nc3 g6 4. g3 Bg7 5. Bg2 e5 6. d3 c6 7. Nge2 0-0 8. 0-0 Na6 9. Rb1 Nc7 10. f4 exf4 11. gxf4 Bg4 12. h3 Bh5 13. Qe1 Ne6 14. Be3 Nc5 15. d4 Ncd7 16. Ng3 Re8 17. e5 Qe7 18. exf6 Nxf6 19. Bf2 Qc7 20. Qd2 Bh6 21. Be3 Re6 22. Rbe1 Rae8 23. Qf2 Qe7 24. Bd2 Be2 25. Rxe2 Rxe2 26. Qxe2 Qc7 27. Qd3 d5 28. cxd5 Rd8 29. Nge4 Nh5 30. d6 Qb8 31. Ne2 f5 32. Qb3+ Kf8 33. Ng5 Rd7 34. Bxc6 1-0

[Event "Helsinki Easter op"]
[Site "Helsinki"]
[Date "2018.04.02"]
[Round "6"]
[White "Hiltunen, Ville"]
[Black "Kangas, Mauno"]
[Result "0-1"]
[WhiteElo "1806"]
[BlackElo "1832"]
[PlyCount "198"]
[EventDate "2018.03.30"]
[EventType "swiss"]
[EventRounds "6"]
[EventCountry "FIN"]
[SourceTitle "EXT 2019"]
[Source "ChessBase"]
[SourceDate "2018.10.10"]
[SourceVersion "1"]
[SourceVersionDate "2018.10.10"]
[SourceQuality "1"]

1. e4 d6 2. d4 Nf6 3. Nc3 g6 4. f4 Bg7 5. Nf3 c6 6. Bd3 b5 7. e5 Ng4 8. h3 Nh6 9. Be3 Na6 10. Qe2 0-0 11. 0-0 Nb4 12. Be4 d5 13. Bd3 Nxd3 14. Qxd3 a5 15. Kh2 Ba6 16. Qd2 Nf5 17. Bf2 e6 18. Rfe1 Ne7 19. Ne2 Nc8 20. Qe3 Nb6 21. b3 Qc7 22. Nc1 Rfc8 23. Nd3 Nd7 24. c3 Bf8 25. b4 Bb7 26. a3 Ra7 27. Re2 Rca8 28. Rea2 Nb6 29. Nd2 Nd7 30. Nc5 Nb8 31. Qd3 axb4 32. cxb4 Nd7 33. Nxd7 Qxd7 34. Qc3 Ra4 35. Qb2 Bc8 36. Nb3 Qa7 37. Na5 Bd7 38. Qc3 Qb6 39. Be3 Be7 40. Bf2 Bd8 41. Nb3 Be7 42. Nc5 R4a7 43. Nb3 Bf8 44. Be1 Qd8 45. Na5 Be7 46. Bd2 Ra6 47. Nb3 Be8 48. Na5 f6 49. Rf1 f5 50. Bc1 Bd7 51. Bd2 Qf8 52. Nb7 Rb6 53. Na5 h6 54. Rfa1 g5 55. Qg3 Qg7 56. Nb3 Kh7 57. Nc1 Rg8 58. Qf2 g4 59. Be1 Qg6 60. hxg4 fxg4 61. g3 Be8 62. Kg1 Qh5 63. Qh2 Qf5 64. Qc2 Bg6 65. Qxf5 Bxf5 66. Nb3 Ra8 67. Rc1 Bd3 68. Na5 Raa6 69. Rca1 Kg6 70. Kf2 Kf5 71. Ke3 Be4 72. Rh2 Kg6 73. Bc3 Ra8 74. Be1 Kg7 75. Rc1 Rc8 76. Bc3 Bg6 77. Rch1 h5 78. Be1 Ra6 79. Ra2 Rh8 80. Bf2 Rha8 81. Rha1 c5 82. dxc5 Bxc5+ 83. bxc5 Rxa5 84. Be1 Ra4 85. Bb4 R4a6 86. Rd1 Be4 87. Rh2 Kg6 88. Rc1 Rxa3+ 89. Bxa3 Rxa3+ 90. Kf2 Rf3+ 91. Ke2 Ra3 92. Ke1 Ra7 93. Rd2 Rc7 94. Rc3 Kf5 95. Rd4 h4 96. gxh4 Kxf4 97. Ke2 Kxe5 98. Rb4 d4 99. h5 dxc3 0-1

[Event "Helsinki-ch Seniors 65"]
[Site "Helsinki"]
[Date "2018.01.04"]
[Round "6"]
[White "Kangas, Mauno"]
[Black "Pihlajamaki, Antti"]
[Result "1-0"]
[WhiteElo "1811"]
[BlackElo "1858"]
[PlyCount "43"]
[EventDate "2017.12.29"]
[EventType "tourn"]
[EventRounds "7"]
[EventCountry "FIN"]
[SourceTitle "EXT 2019"]
[Source "ChessBase"]
[SourceDate "2018.10.10"]
[SourceVersion "1"]
[SourceVersionDate "2018.10.10"]
[SourceQuality "1"]

1. Nf3 Nf6 2. g3 d5 3. Bg2 c5 4. d3 Nc6 5. c3 e5 6. 0-0 Be7 7. a3 0-0 8. b4 d4 9. b5 Nb8 10. a4 Bd6 11. e3 dxe3 12. Bxe3 Nd5 13. Bd2 Be6 14. Ng5 Qc8 15. c4 Nf6 16. Qf3 e4 17. Nxe4 Be5 18. Bc3 Bg4 19. Nxf6+ Bxf6 20. Qxb7 Bxc3 21. Nxc3 Nd7 22. Qxa8 1-0

[Event "Helsinki-ch 2014 Group A2"]
[Site "Helsinki"]
[Date "2013.12.31"]
[Round "3"]
[White "Saharinen, Petri"]
[Black "Kangas, Mauno"]
[Result "1-0"]
[WhiteElo "1879"]
[BlackElo "1833"]
[PlyCount "55"]
[EventDate "2013.12.29"]
[EventType "tourn"]
[EventRounds "9"]
[EventCountry "FIN"]
[SourceTitle "EXT 2022"]
[Source "ChessBase"]
[SourceDate "2021.10.06"]
[SourceVersion "1"]
[SourceVersionDate "2021.10.06"]
[SourceQuality "1"]

1. d4 g6 2. c4 Bg7 3. Nc3 d6 4. e4 Nf6 5. f4 c6 6. Nf3 0-0 7. Bd3 a6 8. 0-0 b5 9. cxb5 axb5 10. f5 Qb6 11. h3 Nh5 12. Ne2 e5 13. fxe6 Bxe6 14. b3 Ng3 15. Rf2 Nxe2+ 16. Bxe2 c5 17. Bb2 Nc6 18. dxc5 dxc5 19. Bxg7 Kxg7 20. Qc2 h6 21. Kh1 Kg8 22. Raf1 Nb4 23. Qc3 Rxa2 24. Qf6 Qc6 25. Ne5 Qxe4 26. Qxe6 Rxe2 27. Rxe2 Qxe2 28. Rxf7 1-0

[Event "Helsinki-ch 2014 Group A2"]
[Site "Helsinki"]
[Date "2013.12.30"]
[Round "2"]
[White "Kangas, Mauno"]
[Black "Taipale, Reijo"]
[Result "0-1"]
[WhiteElo "1833"]
[BlackElo "1839"]
[PlyCount "104"]
[EventDate "2013.12.29"]
[EventType "tourn"]
[EventRounds "9"]
[EventCountry "FIN"]
[SourceTitle "EXT 2022"]
[Source "ChessBase"]
[SourceDate "2021.10.06"]
[SourceVersion "1"]
[SourceVersionDate "2021.10.06"]
[SourceQuality "1"]

1. e4 g6 2. Nf3 Bg7 3. d4 e6 4. c4 Ne7 5. Nc3 d6 6. Be2 b6 7. 0-0 h6 8. Bf4 g5 9. Bg3 Bb7 10. d5 e5 11. Ne1 Ng6 12. b4 Nd7 13. Rc1 a6 14. Na4 Nf6 15. f3 Nf4 16. Bf2 Bc8 17. c5 Nxe2+ 18. Qxe2 b5 19. Nb2 0-0 20. a4 bxa4 21. Nxa4 Ne8 22. Qc4 f5 23. Nd3 Bd7 24. Nc3 fxe4 25. Nxe4 Bb5 26. Qc2 Rf7 27. Rfd1 Nf6 28. Qb3 Nxe4 29. fxe4 Qf6 30. Qb2 Raf8 31. Rc2 Ba4 32. Rdd2 Bxc2 33. Rxc2 Qg6 34. Re2 g4 35. Qa1 g3 36. hxg3 Qg4 37. Qa2 Qc8 38. Qa5 Qg4 39. Qa2 Ra8 40. Ne1 Qd7 41. c6 Qc8 42. Qa5 Rb8 43. Qa4 Rb5 44. Ra2 Bf6 45. Nd3 Qg4 46. Qxa6 Qd1+ 47. Ne1 Rxb4 48. Qc8+ Kh7 49. Ra7 Bg7 50. Rxc7 Rxf2 51. Qd7 Qxe1+ 52. Kh2 Rxg2+ 0-1

[Event "Helsinki-ch 2014 Group A2"]
[Site "Helsinki"]
[Date "2013.12.29"]
[Round "1"]
[White "Hallman, Valo"]
[Black "Kangas, Mauno"]
[Result "1-0"]
[WhiteElo "1669"]
[BlackElo "1833"]
[PlyCount "53"]
[EventDate "2013.12.29"]
[EventType "tourn"]
[EventRounds "9"]
[EventCountry "FIN"]
[SourceTitle "EXT 2022"]
[Source "ChessBase"]
[SourceDate "2021.10.06"]
[SourceVersion "1"]
[SourceVersionDate "2021.10.06"]
[SourceQuality "1"]

1. Nf3 Nf6 2. d4 d5 3. c4 g6 4. cxd5 Nxd5 5. e4 Nb6 6. Be3 Bg7 7. h3 c5 8. Nc3 cxd4 9. Bxd4 Bxd4 10. Nxd4 0-0 11. Be2 e5 12. Ndb5 Bd7 13. 0-0 Qg5 14. Nc7 Rd8 15. Qc1 Qh4 16. Nxa8 Nxa8 17. Qe3 Nc6 18. Bb5 Nc7 19. Bxc6 Bxc6 20. Rfd1 Re8 21. Kh2 Ne6 22. g3 Qh5 23. Nd5 Kg7 24. f4 Nd4 25. Rxd4 exd4 26. Qxd4+ Kh6 27. g4 1-0

[Event "FIN Team Cup"]
[Site "Finland"]
[Date "2012.08.11"]
[Round "4.6"]
[White "Kangas, Mauno"]
[Black "Hynninen, Juha"]
[Result "0-1"]
[WhiteElo "1847"]
[BlackElo "2186"]
[PlyCount "74"]
[EventDate "2012.03.31"]
[EventType "team-k.o."]
[EventRounds "6"]
[EventCountry "FIN"]
[SourceTitle "EXT 2022"]
[Source "ChessBase"]
[SourceDate "2021.10.06"]
[SourceVersion "1"]
[SourceVersionDate "2021.10.06"]
[SourceQuality "1"]
[WhiteTeam "Helsinki I-HSK"]
[BlackTeam "Salo SK"]
[WhiteTeamCountry "FIN"]
[BlackTeamCountry "FIN"]

1. Nf3 Nf6 2. g3 d5 3. Bg2 e6 4. d3 Bd6 5. 0-0 0-0 6. c4 c6 7. Nc3 Re8 8. e4 dxe4 9. dxe4 e5 10. Bg5 h6 11. Be3 Qe7 12. Qe2 Bc5 13. h3 Nbd7 14. a3 Bxe3 15. Qxe3 Qc5 16. Qe2 Nb6 17. b3 a5 18. Ne1 a4 19. Nd3 Qd4 20. c5 Qxc3 21. cxb6 axb3 22. a4 Qd4 23. a5 Be6 24. Nb2 Red8 25. Rfd1 Qb4 26. Rxd8+ Rxd8 27. Qe3 Nd7 28. Nd3 Qd4 29. Qxd4 exd4 30. a6 Ra8 31. e5 Nxb6 32. Nc5 bxa6 33. Be4 a5 34. Nb7 a4 35. Bxc6 Rc8 36. Be4 b2 37. Rd1 Rc1 0-1

[Event "FIN-ch Seniors"]
[Site "Finland"]
[Date "2011.06.09"]
[Round "9"]
[White "Alkkiomaki, Jyrki"]
[Black "Kangas, Mauno"]
[Result "1-0"]
[WhiteElo "2048"]
[BlackElo "1893"]
[PlyCount "61"]
[EventDate "2011.06.01"]
[EventType "tourn"]
[EventRounds "9"]
[EventCountry "FIN"]
[SourceTitle "EXT 2022"]
[Source "ChessBase"]
[SourceDate "2021.10.06"]
[SourceVersion "1"]
[SourceVersionDate "2021.10.06"]
[SourceQuality "1"]

1. e4 d6 2. d4 Nf6 3. Nc3 g6 4. Be3 Bg7 5. Qd2 Nc6 6. f3 e5 7. d5 Ne7 8. Bh6 0-0 9. h4 Nh5 10. Nge2 f5 11. Bxg7 Kxg7 12. 0-0-0 Bd7 13. g3 Ng8 14. f4 Ngf6 15. fxe5 dxe5 16. Bg2 Qe7 17. Rdf1 Qb4 18. exf5 Bxf5 19. a3 Qc4 20. Bf3 Rad8 21. Qe3 Rfe8 22. Bxh5 Nxh5 23. Rxf5 gxf5 24. Qg5+ Kh8 25. Qxh5 c6 26. dxc6 Qxc6 27. Rf1 Rf8 28. Kb1 Rd2 29. Rxf5 Rg8 30. Rf7 Qg6 31. Qxe5+ 1-0

[Event "FIN-ch Seniors"]
[Site "Finland"]
[Date "2011.06.07"]
[Round "7"]
[White "Lyly, Seppo"]
[Black "Kangas, Mauno"]
[Result "1-0"]
[WhiteElo "2005"]
[BlackElo "1893"]
[PlyCount "81"]
[EventDate "2011.06.01"]
[EventType "tourn"]
[EventRounds "9"]
[EventCountry "FIN"]
[SourceTitle "EXT 2022"]
[Source "ChessBase"]
[SourceDate "2021.10.06"]
[SourceVersion "1"]
[SourceVersionDate "2021.10.06"]
[SourceQuality "1"]

1. e4 d6 2. d4 g6 3. Nc3 Bg7 4. f4 Nf6 5. Nf3 0-0 6. Be2 Nbd7 7. 0-0 c6 8. Kh1 b5 9. Bd3 e5 10. a3 Qc7 11. fxe5 dxe5 12. d5 a6 13. dxc6 Qxc6 14. Qe1 Nh5 15. Nd5 Re8 16. Bg5 f6 17. Be3 Nc5 18. Rc1 Qd6 19. Qb4 Nb7 20. Qxd6 Nxd6 21. Nc7 Bb7 22. Nxa8 Bxa8 23. Nd2 f5 24. exf5 gxf5 25. Bxf5 Nf4 26. Bxf4 Nxf5 27. Bg5 Nd4 28. c3 Ne6 29. Be3 h5 30. Kg1 Nf4 31. Bxf4 exf4 32. Rce1 Rd8 33. Nf3 a5 34. Ng5 b4 35. axb4 axb4 36. Ne6 Rd2 37. Rf2 bxc3 38. Nxg7 Rxb2 39. Rxb2 cxb2 40. Nxh5 f3 41. Rb1 1-0

[Event "FIN-chT1A 1011"]
[Site "Finland"]
[Date "2010.11.21"]
[Round "5.6"]
[White "Pessi, Juha"]
[Black "Kangas, Mauno"]
[Result "1-0"]
[WhiteElo "2147"]
[BlackElo "1906"]
[PlyCount "95"]
[EventDate "2010.09.18"]
[EventType "team-tourn"]
[EventRounds "9"]
[EventCountry "FIN"]
[SourceTitle "EXT 2022"]
[Source "ChessBase"]
[SourceDate "2021.10.06"]
[SourceVersion "1"]
[SourceVersionDate "2021.10.06"]
[SourceQuality "1"]
[WhiteTeam "Tampere Tammer II"]
[BlackTeam "Helsinki I-HSK II"]
[WhiteTeamCountry "FIN"]
[BlackTeamCountry "FIN"]

1. d4 Nf6 2. c4 d6 3. Nc3 c6 4. e4 Bg4 5. f3 Bh5 6. Be3 Na6 7. Qd2 e5 8. 0-0-0 Be7 9. h4 h6 10. Kb1 Bg6 11. g4 exd4 12. Bxd4 d5 13. cxd5 Nc5 14. Qe3 Nxd5 15. Nxd5 Qxd5 16. Ka1 Nxe4 17. Be2 0-0-0 18. Nh3 Rhe8 19. Nf4 Qa5 20. Nxg6 fxg6 21. fxe4 Bf6 22. g5 hxg5 23. hxg5 Bxd4 24. Rxd4 Rxd4 25. Qxd4 Qe5 26. Qxe5 Rxe5 27. Bd3 Rxg5 28. Kb1 b5 29. Rh7 Kc7 30. Rxg7+ Kb6 31. b4 a5 32. a3 axb4 33. axb4 c5 34. Rd7 cxb4 35. Rd5 Rg1+ 36. Kb2 g5 37. Kb3 g4 38. Kxb4 g3 39. Rxb5+ Kc6 40. Rg5 g2 41. Bc2 Kd6 42. Kc3 Ke6 43. Kd3 Kf6 44. Rg4 Ke6 45. Kd4 Kf6 46. Kd5 Kf7 47. Kd6 Kf6 48. e5+ 1-0

[Event "FIN-ch op"]
[Site "Naantali"]
[Date "2010.07.04"]
[Round "9"]
[White "Koivumaki, Marko"]
[Black "Kangas, Mauno"]
[Result "1-0"]
[WhiteElo "1820"]
[BlackElo "1935"]
[PlyCount "91"]
[EventDate "2010.06.28"]
[EventType "swiss"]
[EventRounds "9"]
[EventCountry "FIN"]
[SourceTitle "CBM 137 Extra"]
[Source "ChessBase"]
[SourceDate "2010.09.01"]
[SourceVersion "1"]
[SourceVersionDate "2010.09.01"]
[SourceQuality "1"]

1. c4 Nf6 2. Nc3 g6 3. g3 Bg7 4. Bg2 d6 5. d4 c6 6. Nf3 0-0 7. 0-0 Bg4 8. h3 Bd7 9. e4 Qc7 10. Be3 Na6 11. Qd2 c5 12. d5 Rad8 13. Bh6 Qc8 14. Kh2 Nc7 15. Bxg7 Kxg7 16. e5 dxe5 17. Nxe5 e6 18. Qe3 exd5 19. Qxc5 b6 20. Qa3 Rfe8 21. Rfe1 Be6 22. cxd5 Nfxd5 23. Rac1 Qa6 24. Qxa6 Nxa6 25. Nc6 Nxc3 26. Nxd8 Rxd8 27. Rxc3 Rd2 28. Ra3 Nc5 29. Rxa7 Rxb2 30. Kg1 Bxa2 31. Bc6 Nd3 32. Ra1 Be6 33. f4 Bxh3 34. Bd5 Kh6 35. Rxf7 g5 36. Be4 gxf4 37. Rxh7+ Kg5 38. Rxh3 Nf2 39. gxf4+ Kxf4 40. Rf3+ Kxe4 41. Rxf2 Rb3 42. Rd2 Ke3 43. Raa2 Rb5 44. Rab2 Rg5+ 45. Rg2 Rxg2+ 46. Kxg2 1-0

[Event "FIN-ch Seniors"]
[Site "Helsinki"]
[Date "2010.06.19"]
[Round "6"]
[White "Kangas, Mauno"]
[Black "Hurme, Harri M"]
[Result "0-1"]
[WhiteElo "1935"]
[BlackElo "2269"]
[PlyCount "54"]
[EventDate "2010.06.14"]
[EventType "tourn"]
[EventRounds "7"]
[EventCountry "FIN"]
[SourceTitle "EXT 2022"]
[Source "ChessBase"]
[SourceDate "2021.10.06"]
[SourceVersion "1"]
[SourceVersionDate "2021.10.06"]
[SourceQuality "1"]

1. Nf3 d5 2. d4 e6 3. Bf4 Nf6 4. h3 c5 5. e3 Nc6 6. Be2 Bd6 7. Bh2 Bxh2 8. Nxh2 cxd4 9. exd4 Qb6 10. c3 Qxb2 11. Qb3 Qxa1 12. 0-0 0-0 13. Nf3 Ne4 14. Rd1 Na5 15. Qa3 b6 16. Ne1 Ba6 17. Bxa6 Nd2 18. Bd3 Nac4 19. Bxc4 Nxc4 20. Qb3 Qb2 21. Nd3 Qxb3 22. axb3 Nd6 23. Ne5 Rfc8 24. Rd3 f6 25. Ng4 a5 26. Rg3 Kf7 27. Rf3 a4 0-1

[Event "FIN-ch Seniors"]
[Site "Helsinki"]
[Date "2010.06.15"]
[Round "2"]
[White "Jalo, Pentti"]
[Black "Kangas, Mauno"]
[Result "1/2-1/2"]
[WhiteElo "1816"]
[BlackElo "1935"]
[PlyCount "119"]
[EventDate "2010.06.14"]
[EventType "tourn"]
[EventRounds "7"]
[EventCountry "FIN"]
[SourceTitle "EXT 2022"]
[Source "ChessBase"]
[SourceDate "2021.10.06"]
[SourceVersion "1"]
[SourceVersionDate "2021.10.06"]
[SourceQuality "1"]

1. Nf3 Nf6 2. g3 g6 3. Bg2 Bg7 4. c4 d6 5. d4 0-0 6. 0-0 Nc6 7. Nc3 e5 8. d5 Ne7 9. e4 a6 10. Qd3 b5 11. cxb5 axb5 12. b4 Ba6 13. Re1 c6 14. Bg5 h6 15. Bxf6 Bxf6 16. a3 Bg7 17. Rad1 Qb6 18. dxc6 Qxc6 19. Nd5 Nxd5 20. Qxd5 Qxd5 21. Rxd5 Rfd8 22. Bh3 Kf8 23. Rc1 Bb7 24. Rxb5 Bxe4 25. Nd2 Bd3 26. Ra5 e4 27. Rc7 d5 28. Bf1 Bxf1 29. Kxf1 f5 30. Ke2 g5 31. Nb3 f4 32. Nc5 Be5 33. Nd7+ Rxd7 34. Rxa8+ Ke7 35. Rcc8 Bb2 36. Re8+ Kf6 37. Ra6+ Kg7 38. Ree6 f3+ 39. Kd2 Rc7 40. Rac6 Ra7 41. Ra6 Rc7 42. Rec6 Rf7 43. Rg6+ Kf8 44. Ra8+ Ke7 45. Ra7+ Kf8 46. Ra8+ Ke7 47. Rxh6 d4 48. Ra7+ Kf8 49. Ra8+ Kg7 50. Raa6 e3+ 51. fxe3 Bc3+ 52. Kd3 dxe3 53. Rhg6+ Kf8 54. Ra8+ Ke7 55. Kxe3 Bd4+ 56. Kxd4 f2 57. Ra7+ Kf8 58. Ra8+ Ke7 59. Ra7+ Kf8 60. Ke4 1/2-1/2

[Event "EU-chT Seniors 12th"]
[Site "Dresden"]
[Date "2010.02.17"]
[Round "8"]
[White "Gustavsson, Sture"]
[Black "Kangas, Mauno"]
[Result "0-1"]
[WhiteElo "2029"]
[BlackElo "1935"]
[PlyCount "44"]
[EventDate "2010.02.10"]
[EventType "team-swiss"]
[EventRounds "9"]
[EventCountry "GER"]
[SourceTitle "CBM 134 Extra"]
[Source "ChessBase"]
[SourceDate "2010.03.03"]
[SourceVersion "1"]
[SourceVersionDate "2010.03.03"]
[SourceQuality "1"]
[WhiteTeam "Sweden (Seniors) III"]
[BlackTeam "Helsinki (Seniors)"]
[WhiteTeamCountry "SWE"]
[BlackTeamCountry "FIN"]

1. d4 Nf6 2. Nf3 g6 3. Nc3 Bg7 4. e4 d6 5. Be3 0-0 6. Qd2 c6 7. Bd3 b5 8. a4 b4 9. Ne2 a5 10. h3 Nbd7 11. Bh6 c5 12. Bxg7 Kxg7 13. c3 cxd4 14. cxd4 d5 15. e5 Ne4 16. Bxe4 dxe4 17. Ng5 Ba6 18. Nxe4 Qb6 19. Rc1 Rad8 20. f4 f6 21. Nc5 Nxc5 22. Rxc5 Qxc5 0-1

[Event "EU-chT Seniors 12th"]
[Site "Dresden"]
[Date "2010.02.14"]
[Round "5"]
[White "Kangas, Mauno"]
[Black "Neubert, Gerhard"]
[Result "1-0"]
[WhiteElo "1935"]
[BlackElo "1997"]
[PlyCount "109"]
[EventDate "2010.02.10"]
[EventType "team-swiss"]
[EventRounds "9"]
[EventCountry "GER"]
[SourceTitle "CBM 134 Extra"]
[Source "ChessBase"]
[SourceDate "2010.03.03"]
[SourceVersion "1"]
[SourceVersionDate "2010.03.03"]
[SourceQuality "1"]
[WhiteTeam "Helsinki (Seniors)"]
[BlackTeam "Stiftung BSW/DBAG (Seniors) II"]
[WhiteTeamCountry "FIN"]
[BlackTeamCountry "GER"]

1. e4 e6 2. d4 c5 3. c3 b6 4. Be3 Bb7 5. Nd2 Nf6 6. Bd3 Be7 7. Nh3 0-0 8. 0-0 Nc6 9. Nf4 cxd4 10. cxd4 Nb4 11. Bb1 Rc8 12. a3 Nc6 13. e5 Ne8 14. Qh5 g6 15. Qe2 Ng7 16. Nf3 d5 17. Bd3 g5 18. Nh5 Nf5 19. Bxf5 exf5 20. Qd3 f4 21. Bd2 Rc7 22. Qf5 Bc8 23. Nf6+ Bxf6 24. Qxf6 Qxf6 25. exf6 h6 26. Rac1 Ba6 27. Rfe1 Rfc8 28. h4 g4 29. Bxf4 gxf3 30. Bxc7 Rxc7 31. g4 Kf8 32. Kh2 Rc8 33. Red1 Ke8 34. Kg3 Kd7 35. Rc3 Na5 36. Rdc1 Rxc3 37. Rxc3 Be2 38. Re3 Nc6 39. g5 hxg5 40. hxg5 Nxd4 41. Re7+ Kd8 42. Rxf7 Bd3 43. Rxa7 Ne6 44. Kxf3 Nxg5+ 45. Kf4 Nh7 46. Ke5 Ke8 47. Ke6 Nf8+ 48. Kxd5 Bg6 49. Kd6 Nh7 50. f7+ Kf8 51. f4 Nf6 52. Ke6 Nh7 53. f5 Bh5 54. Ra8+ Kg7 55. Rg8+ 1-0

[Event "Helsinki Redsven Memorial"]
[Site "Helsinki"]
[Date "2010.??.??"]
[Round "3"]
[White "Kangas, Mauno"]
[Black "Kyburz, Stefan"]
[Result "0-1"]
[WhiteElo "1935"]
[BlackElo "2023"]
[PlyCount "98"]
[EventDate "2010.??.??"]
[EventType "swiss"]
[EventRounds "5"]
[EventCountry "FIN"]
[SourceTitle "EXT 2022"]
[Source "ChessBase"]
[SourceDate "2021.10.06"]
[SourceVersion "1"]
[SourceVersionDate "2021.10.06"]
[SourceQuality "1"]

1. Nf3 Nf6 2. g3 g6 3. Bg2 Bg7 4. d4 c5 5. c3 cxd4 6. cxd4 0-0 7. 0-0 d6 8. Nc3 Qa5 9. e4 Nc6 10. Bd2 Qh5 11. d5 Nb8 12. Ng5 Qxd1 13. Rfxd1 Na6 14. a4 Nc5 15. Be3 Nfd7 16. Ra3 Ne5 17. Bxc5 dxc5 18. Rb3 Nc4 19. Bf1 Nxb2 20. Rxb2 Bxc3 21. Rb3 Bb4 22. Bc4 Bd7 23. Ra1 a6 24. a5 Bb5 25. Bxb5 axb5 26. f4 Ra6 27. e5 b6 28. Rd1 bxa5 29. d6 exd6 30. exd6 c4 31. Rb2 Rd8 32. Ne4 f5 33. Nf6+ Kf7 34. Nxh7 Raxd6 35. Ng5+ Kf6 36. Rxd6+ Rxd6 37. Re2 Rd7 38. Kf2 Rd2 39. Nf3 Rxe2+ 40. Kxe2 Bc3 41. Kd1 b4 42. Ng1 Ke6 43. Kc2 a4 44. Ne2 Bf6 45. h3 a3 46. Nc1 a2 47. Nxa2 b3+ 48. Kb1 bxa2+ 49. Kxa2 Kd5 0-1

[Event "Helsinki-chA2"]
[Site "Helsinki"]
[Date "2009.??.??"]
[Round "7"]
[White "Ebeling, Daniel"]
[Black "Kangas, Mauno"]
[Result "1-0"]
[WhiteElo "1795"]
[BlackElo "1960"]
[PlyCount "67"]
[EventDate "2009.??.??"]
[EventType "tourn"]
[EventRounds "9"]
[EventCountry "FIN"]
[SourceTitle "EXT 2011"]
[Source "ChessBase"]
[SourceDate "2010.11.26"]
[SourceVersion "1"]
[SourceVersionDate "2010.11.26"]
[SourceQuality "1"]

1. e4 g6 2. d4 d6 3. Nc3 Bg7 4. Nf3 Nf6 5. Be2 0-0 6. 0-0 c6 7. Re1 b5 8. a3 a5 9. d5 Bd7 10. dxc6 Bxc6 11. Bxb5 Bxb5 12. Nxb5 Qb6 13. Qd3 Na6 14. Be3 Nc5 15. Bxc5 Qxc5 16. Rab1 Rab8 17. a4 Rbc8 18. c3 Qc4 19. Qc2 d5 20. exd5 Nxd5 21. Ne5 Bxe5 22. Rxe5 f6 23. Re4 Qc5 24. Nd4 Rf7 25. Ne6 Qc6 26. Rd1 Nc7 27. Nd8 Rxd8 28. Rxd8+ Kg7 29. Qd3 Ne6 30. Rd5 f5 31. Qc4 Qb6 32. Rb5 Qxb5 33. axb5 fxe4 34. Qxe6 1-0

[Event "FIN-ch Seniors"]
[Site "Finland"]
[Date "2009.??.??"]
[Round "4"]
[White "Hurme, Harri M"]
[Black "Kangas, Mauno"]
[Result "1-0"]
[WhiteElo "2254"]
[BlackElo "1960"]
[PlyCount "67"]
[EventDate "2009.06.??"]
[EventType "swiss"]
[EventRounds "9"]
[EventCountry "FIN"]
[SourceTitle "EXT 2011"]
[Source "ChessBase"]
[SourceDate "2010.11.26"]
[SourceVersion "1"]
[SourceVersionDate "2010.11.26"]
[SourceQuality "1"]

1. d4 Nf6 2. c4 e6 3. Nc3 Bb4 4. e3 d5 5. Bd3 0-0 6. Nge2 Ne4 7. 0-0 f5 8. Qb3 Bxc3 9. bxc3 Rf6 10. f3 dxc4 11. Bxc4 Nd6 12. Bd3 Nc6 13. a4 Na5 14. Qa2 b6 15. Nf4 g5 16. Nh5 Rh6 17. g4 Bb7 18. Ng3 Bd5 19. Qc2 Nb3 20. Rb1 Nxc1 21. Rbxc1 f4 22. exf4 gxf4 23. Ne4 Bc6 24. Rf2 Qd7 25. g5 Nxe4 26. gxh6 Nxf2 27. Kxf2 Rf8 28. Qe2 Qe7 29. Rg1+ Kh8 30. Qe5+ Qf6 31. Rg7 Qh4+ 32. Kf1 Rf6 33. Qxc7 Qh3+ 34. Kg1 1-0

[Event "Helsinki-chA2"]
[Site "Helsinki"]
[Date "2009.??.??"]
[Round "4"]
[White "Kangas, Mauno"]
[Black "Karttinen, Risto"]
[Result "1-0"]
[WhiteElo "1960"]
[BlackElo "1972"]
[PlyCount "121"]
[EventDate "2009.??.??"]
[EventType "tourn"]
[EventRounds "9"]
[EventCountry "FIN"]
[SourceTitle "EXT 2011"]
[Source "ChessBase"]
[SourceDate "2010.11.26"]
[SourceVersion "1"]
[SourceVersionDate "2010.11.26"]
[SourceQuality "1"]

1. Nf3 d6 2. g3 e5 3. d3 f5 4. Bg2 Nf6 5. c3 Be7 6. b4 0-0 7. Qb3+ Kh8 8. Ng5 d5 9. e4 c6 10. c4 dxe4 11. dxe4 Ng4 12. h4 Nxf2 13. Kxf2 Qd4+ 14. Be3 Qxa1 15. Nc3 fxe4+ 16. Ke2 Bg4+ 17. Kd2 Rd8+ 18. Kc2 Bd1+ 19. Nxd1 Rd3 20. Qb2 Qxb2+ 21. Kxb2 Bxb4 22. Bxe4 Rd7 23. Bxh7 Na6 24. Bf5 Re7 25. Ne4 Rf8 26. g4 b5 27. a3 Ba5 28. c5 Nc7 29. Bg5 Ree8 30. Nd6 Rb8 31. Be7 g6 32. Bxg6 Rf4 33. Bf5 Nd5 34. Nf7+ Kg7 35. Bd6 Re8 36. Ng5 Rc4 37. h5 e4 38. h6+ Kh8 39. Nf7+ Kg8 40. h7+ Kxf7 41. h8Q Rxh8 42. Rxh8 e3 43. Rf8+ Kg7 44. Re8 Bd2 45. g5 Rc1 46. Bc2 Kf7 47. Re5 Rxd1 48. g6+ Kg7 49. Rh5 Rg1 50. Rh7+ Kg8 51. Rxa7 e2 52. Ra8+ Kg7 53. Be5+ Kh6 54. Rh8+ Kg5 55. g7 Ne7 56. g8Q+ Nxg8 57. Rxg8+ Kh4 58. Rxg1 e1Q 59. Rxe1 Bxe1 60. Be4 b4 61. a4 1-0

[Event "FIN-ch Seniors"]
[Site "Finland"]
[Date "2009.??.??"]
[Round "2"]
[White "Kangas, Mauno"]
[Black "Laitinen, Martti"]
[Result "1-0"]
[WhiteElo "1960"]
[BlackElo "1866"]
[PlyCount "139"]
[EventDate "2009.06.??"]
[EventType "swiss"]
[EventRounds "9"]
[EventCountry "FIN"]
[SourceTitle "EXT 2011"]
[Source "ChessBase"]
[SourceDate "2010.11.26"]
[SourceVersion "1"]
[SourceVersionDate "2010.11.26"]
[SourceQuality "1"]

1. Nf3 c5 2. g3 Nc6 3. Bg2 g6 4. 0-0 Bg7 5. c3 d5 6. d4 cxd4 7. cxd4 Nf6 8. Nc3 0-0 9. Bf4 Nh5 10. Be3 f5 11. Bg5 h6 12. Bc1 e6 13. b3 Nf6 14. Ba3 Rf7 15. e3 Ne4 16. Rc1 Qa5 17. Bb2 Bd7 18. a3 b5 19. b4 Qb6 20. Qe2 a6 21. Rfd1 Rb8 22. Ne1 a5 23. Nd3 axb4 24. axb4 Bf8 25. Ba3 Ra8 26. Nb1 Nd6 27. Rc3 Nc4 28. Qe1 Bc8 29. Rb3 Rfa7 30. Bc1 Ra1 31. Nc3 Qa7 32. Qe2 Qb7 33. Qf3 Kg7 34. Nc5 Bxc5 35. dxc5 N6e5 36. Qf4 g5 37. Qd4 Kg6 38. h4 Nc6 39. Qd3 N6e5 40. Qd4 Nc6 41. Qd3 N6e5 42. Qe2 g4 43. Kf1 Bd7 44. f4 gxf3 45. Bxf3 Nxf3 46. Qxf3 Bc6 47. Ne2 e5 48. h5+ Kg7 49. Ke1 Qf7 50. Nc3 e4 51. Qe2 Ne5 52. Bb2 Nd3+ 53. Kf1 Rxd1+ 54. Nxd1+ Nxb2 55. Qxb2+ Kh7 56. Qe2 Qg7 57. Qf2 Qg5 58. Qf4 Qxf4+ 59. gxf4 Ra1 60. Ke2 Be8 61. Nc3 Bxh5+ 62. Kf2 Bd1 63. Rb2 Ba4 64. Nxd5 Rc1 65. Ne7 h5 66. Nxf5 Kg6 67. Ng3 Bc2 68. Ne2 Rb1 69. Rxc2 Rxb4 70. c6 1-0